[Event "Biel GM"]
[Site "Biel"]
[Date "1999.07.28"]
[Round "10"]
[White "Avrukh, Boris"]
[Black "Bunzmann, Dimitrij"]
[Result "1-0"]
[WhiteElo "2588"]
[BlackElo "2596"]
[Annotator "Avrukh,B"]
[PlyCount "95"]
[EventDate "1999.07.19"]
[EventType "tourn"]
[EventRounds "10"]
[EventCountry "SUI"]
[EventCategory "14"]
[SourceTitle "CBM 072"]
[Source "ChessBase"]
[SourceDate "1999.10.01"]
[SourceVersion "1"]
[SourceVersionDate "1999.10.01"]
[SourceQuality "1"]

1. d4 Nf6 2. c4 e6 3. Nc3 Bb4 4. e3 b6 5. Nge2 Ba6 6. a3 Bxc3+ 7. Nxc3 d5 8. b3
O-O 9. Be2 Nbd7 {Nowadays more popular line with 9...Nc6} 10. O-O (10. Bb2 {
doesn't create serious problems for black for example:} dxc4 11. bxc4 c5 12.
O-O cxd4 13. exd4 Rc8 {[%csl Gc4]} 14. Nb5 Bxb5 15. cxb5 Nd5 16. Qd2 N7f6 17.
Bf3 Qe7 {with equality 1/2-1/2 Lisitsin,G-Bondarevsky,I/Moscow 1948/URS-ch (26)
}) 10... c5 (10... c6 11. Bb2 Re8 12. Rc1 Rc8 13. Bd3 {[%cal Ge3e4]} dxc4 $6 (
13... c5 $5) 14. bxc4 e5 15. Qa4 $1 exd4 16. exd4 Nb8 17. Bf5 Rc7 18. d5 (18.
Rfd1 $142 {[%csl Gb2,Rf5] with clear advantage for white}) 18... c5 $2 (18...
cxd5 19. Nxd5 Nxd5 20. cxd5 Bxf1 21. Bxh7+ $1 (21. Rxc7 Bb5 $1 $19 {[%cal
Ge8e1]}) 21... Kf8 (21... Kxh7 22. Qg4 f6 23. Rxc7 Qxc7 24. Qh5+ $16 {[%cal
Gh5e8]}) (21... Kh8 22. Qg4 f6 23. Rxc7 Qxc7 24. Qh5 $18) 22. Rxf1 $44) 19. Nb5
Bxb5 20. Qxb5 $16 Qd6 $4 21. Bxf6 {[%csl Ge8] 1-0 Danner,G-Fischbacher,J/
AUT-ch 1979/EXT 97 (21)}) 11. a4 $146 (11. Bb2 Rc8 (11... cxd4 12. exd4 Rc8 $5)
12. dxc5 Nxc5 (12... dxc4 $5) 13. b4 Nce4 14. Nxe4 Nxe4 15. cxd5 Bxe2 16. Qxe2
Qxd5 17. Qg4 g6 $2 (17... Nc3 {[%cal Gd5b3]}) 18. Rfd1 Qf5 19. Qxf5 gxf5 20.
Rac1 $16 {1-0 Schlager,T-Kohl,H/Endingen 1987/GER 04 (46)}) 11... Re8 $6 (11...
dxc4 $143 12. bxc4 cxd4 13. exd4 e5 (13... Rc8 $2 14. Nb5 $16) 14. Ba3 (14. d5
Nc5 15. a5) 14... Re8 (14... exd4 15. Bxf8 Nxf8 16. Nb5 $16) 15. d5 $16) (11...
Bb7 $142 12. Ba3 Re8 13. Nb5 {[%csl Gd6]} (13. Rc1 $5) 13... Qb8 $1 14. Rc1 a6
15. Nc3 $14) 12. Nb5 $1 {[%mdl 32] Very unpleasant move for black.Black has to
pay attention always for annoying Nd6-move and on the other hand they cannot
to exchange this khight, because in this case black will be strategically lost
with weak pawn on a7.} cxd4 (12... Bxb5 13. axb5 e5 14. Bb2 $16) 13. exd4 (13.
Nd6 $2 dxe3 14. Nxe8 exf2+ 15. Rxf2 Qxe8 {and black is fine}) 13... e5 14. Nd6
$1 {[%mdl 64] Very unpleasant tactical trick, black cannot play logical14...
Re6 , so they have to suffer this very strong knight on d6, which will cost
black a lot of difficulties.} (14. dxe5 Nxe5 15. Bg5 $5) 14... Rf8 (14... Re6 {
Here my opponent realized, that this move impossible, in view of-} 15. Nxf7 $1
Kxf7 16. cxd5 {[%csl Ga6,Ge6] and white wins material}) (14... Re7 15. Bg5 $1 (
15. Nf5 $143 Re8 16. Bg5 dxc4 {and black is ok}) 15... exd4 16. Bf3 $1 h6 17.
Bh4 g5 18. Bg3 Ne5 19. Nf5 $40 {[%csl Gh6]}) 15. Ba3 exd4 (15... dxc4 16. Bxc4
Bxc4 17. Nxc4 {[%csl Gf8]} Re8 18. Nd6 Rf8 (18... Re6 19. d5) 19. Nb7 $1 Qc7
20. Bxf8 Rxf8 21. dxe5 Nxe5 22. Nd6 Rd8 23. Nb5 $18) 16. Qxd4 $16 Nc5 {black
is sacrificing the pawn,trying to get counterplay,but i was able to find the
way to keep my advantage.} (16... dxc4 17. b4 $1 {[%cal Gb4b5] looks terrible
for black} (17. bxc4 $16)) 17. Bxc5 bxc5 18. Qxc5 Qe7 19. Bf3 $1 (19. Qc6 {
gives some chances after:} Qxe2 20. Qxa6 Qe6 21. c5 Ne4 $132) 19... Rac8 (19...
Rfd8 20. Ne4 $1) 20. Qa3 Rcd8 21. Nb5 Qxa3 22. Rxa3 {[%mdl 4096]} dxc4 23. bxc4
$18 {The endgame with pawn-up is easy winning for white.} Rc8 24. Rc1 Nd7 25.
Nxa7 (25. Re3 $5 Nb6 26. Re7 Nxa4 $140 27. Nc7 Nc5 28. Nxa6 Nxa6 29. Rxa7 Nc5
30. Bd5 $18) 25... Rxc4 26. Rxc4 Bxc4 27. Nc6 Re8 28. h3 Ne5 29. Nxe5 Rxe5 30.
a5 Ba6 31. Re3 $1 {[%csl Re8] The most precise way, now black forced to pass
into the losing pawn-endgame.} Rxe3 32. fxe3 Kf8 33. Kf2 Ke7 34. Be2 Bxe2 (
34... Bc8 35. a6 Kd6 36. a7 Bb7 37. Bf3 $18) 35. Kxe2 Kd6 36. Kf3 Kc5 37. Ke4
Kb5 38. Kd5 Kxa5 39. Kd6 Kb5 40. Ke7 f5 41. Kf7 Kc4 42. Kxg7 Kd3 43. Kxh7 Kxe3
44. Kg6 Kf4 45. h4 Kg4 46. h5 f4 47. h6 Kg3 48. Kg5 1-0

[Event "USA-ch"]
[Site "Greenville"]
[Date "1983.??.??"]
[Round "13"]
[White "Christiansen, Larry Mark"]
[Black "De Firmian, Nick E"]
[Result "1/2-1/2"]
[WhiteElo "2520"]
[BlackElo "2475"]
[Annotator "Bulletin"]
[PlyCount "83"]
[EventDate "1983.07.??"]
[EventType "tourn"]
[EventRounds "13"]
[EventCountry "USA"]
[EventCategory "10"]
[SourceTitle "MCL"]
[Source "ChessBase"]
[SourceDate "1999.07.01"]
[SourceVersion "1"]
[SourceVersionDate "1999.07.01"]
[SourceQuality "1"]

1. d4 Nf6 2. c4 e6 3. Nc3 Bb4 4. e3 b6 5. Nge2 Ba6 6. Ng3 (6. a3) (6. Nf4) 6...
Bxc3+ 7. bxc3 d5 8. Ba3 (8. Qf3 O-O 9. cxd5 exd5 10. Bxa6 Nxa6 11. O-O) 8...
Bxc4 9. Bxc4 dxc4 10. O-O (10. Qa4+ Qd7 11. Qxc4 Qc6) 10... Qd5 11. e4 Qb5 (
11... Nxe4 $2 12. Qg4 $1 Nxg3 13. Qxg7 Nxf1 14. Qxh8+ Kd7 15. Rxf1) 12. Qf3 (
12. Qe2) (12. Qc1) 12... Nbd7 (12... Qa4) 13. Rfb1 (13. Rfe1 O-O-O) 13... Qa6 (
13... Qa4) 14. Bc1 O-O 15. a4 c5 $1 16. Ba3 Rfc8 17. e5 Nd5 18. Ne4 cxd4 19.
cxd4 Nf8 20. Rc1 Rc7 21. h4 $1 Rd8 (21... Qc8) 22. h5 h6 23. Bd6 (23. Nf6+ Nxf6
$1 (23... gxf6 24. exf6 Kh7 25. Qg3 Ng6 26. hxg6+ fxg6 27. Be7) 24. exf6 g5 $1)
23... Rc6 24. Ra3 Nh7 (24... c3 25. Nxc3 Rdc8 26. Kh2 $1 {/\27.Nd5!}) 25. Qe2
$6 (25. Kh2 $1) 25... f5 $1 26. Nc3 (26. exf6 Rcxd6 27. Nxd6 Rxd6) 26... Nxc3
27. Raxc3 Rdc8 28. f4 Qxa4 29. Ra3 Qb5 30. Rxa7 Qd5 31. Qe3 Kh8 $1 32. Rc3 b5
33. Bc5 Nf8 34. Kh2 $1 Nd7 35. Qg3 Rg8 (35... R6c7 36. Rxc7 Rxc7 37. Qg6 Nxc5
38. Qe8+ $10) 36. Qg6 Nxc5 37. Rg3 $1 Nd7 38. Ra8 (38. Qf7 $5 Rcc8 $1 (38...
Qxd4 $4 39. Ra8 $1) 39. Rxd7 Rcf8 $1 40. Qe7 Re8 41. Qf7 $10) 38... Nb8 $1 39.
Rxb8 Rc7 $1 (39... Qd7 $5 40. Qxh6+ $1 gxh6 41. Rgxg8+ Kh7 42. Rh8+ Kg7 43.
Rbg8+ Kf7 44. Rf8+ Kg7 (44... Ke7 45. Ra8 Kf7 46. Ra7 Qxa7 47. Rh7+ Kf8 48.
Rxa7)) 40. Rxg8+ (40. Qxh6+ gxh6 41. Rgxg8+ Kh7 42. Rh8+ Kg7 43. Rbg8+ Kf7 44.
Rb8 Kg7 $1) 40... Kxg8 41. Qe8+ (41. Qxh6 $2 Qd7 42. Qg6 Qf7 43. Qg5 Qe7) 41...
Kh7 42. Qg6+ 1/2-1/2

[Event "URS-ch46 First League"]
[Site "Ashkhabad"]
[Date "1978.??.??"]
[Round "3"]
[White "Jussupow, Artur"]
[Black "Kochyev, Alexander"]
[Result "1/2-1/2"]
[WhiteElo "2450"]
[BlackElo "2555"]
[Annotator "Bulletin"]
[PlyCount "75"]
[EventDate "1978.10.??"]
[EventType "tourn"]
[EventRounds "17"]
[EventCountry "URS"]
[EventCategory "10"]
[SourceTitle "MCL"]
[Source "ChessBase"]
[SourceDate "1999.07.01"]
[SourceVersion "1"]
[SourceVersionDate "1999.07.01"]
[SourceQuality "1"]

1. d4 Nf6 2. c4 e6 3. Nc3 Bb4 4. e3 b6 5. Nge2 Ba6 6. Nf4 $6 (6. Ng3) 6... O-O
7. Bd3 Nc6 8. O-O Bxc3 9. bxc3 Na5 10. c5 $6 (10. Qe2 c5 {P c8}) 10... Bxd3 11.
Nxd3 d6 $1 12. cxd6 cxd6 13. Bd2 Rc8 14. f3 Nd5 15. Rc1 Nc4 16. Re1 b5 $17 17.
e4 Ndb6 18. Bf4 Na4 19. Qb3 a6 20. Rc2 Qb6 21. Kh1 Rc6 $6 (21... Rc7 $1) 22. d5
$1 exd5 23. Nb4 Nc5 24. Nxc6 Nxb3 25. Ne7+ Kh8 26. axb3 Ne5 27. Nxd5 Qb7 $15
28. Rd2 f6 29. b4 h6 30. h3 f5 $6 31. Rd4 Qa7 32. Re2 Qf7 33. exf5 Qxf5 34.
Ree4 Qh5 35. Ne3 Rf6 36. Rd5 Qf7 37. Bxe5 dxe5 38. Rdxe5 (38. Rdxe5 Rc6 39. Nf5
Rxc3 40. Nxg7 $40) 1/2-1/2

[Event "Bugojno"]
[Site "Bugojno"]
[Date "1978.03.01"]
[Round "4"]
[White "Portisch, Lajos"]
[Black "Huebner, Robert"]
[Result "0-1"]
[WhiteElo "2630"]
[BlackElo "2595"]
[Annotator "Bulletin"]
[PlyCount "78"]
[EventDate "1978.02.27"]
[EventType "tourn"]
[EventRounds "15"]
[EventCountry "YUG"]
[EventCategory "14"]
[SourceTitle "MCL"]
[Source "ChessBase"]
[SourceDate "1999.07.01"]
[SourceVersion "1"]
[SourceVersionDate "1999.07.01"]
[SourceQuality "1"]

1. d4 Nf6 2. c4 e6 3. Nc3 Bb4 4. e3 b6 5. Nge2 Ba6 6. a3 Bxc3+ 7. Nxc3 d5 8. b4
O-O (8... Bxc4 9. Bxc4 dxc4 10. Qe2 c5 11. dxc5 bxc5 12. Qxc4 cxb4 13. axb4 O-O
14. Bb2 $14 {Portisch-Kluger, Budapest 1961}) 9. b5 (9. Bb2 Nbd7 10. cxd5 Bxf1
11. Kxf1 exd5 $10 {Szabo-Larsen, Winnipeg 1967}) 9... Bb7 10. cxd5 Nxd5 11.
Nxd5 Qxd5 12. f3 a6 $1 13. Bd3 {/\Be4} f5 14. a4 axb5 15. Ba3 b4 (15... Rd8 16.
axb5 c5 17. bxc6 Nxc6 18. Bb2 $11) 16. Bxb4 Rf7 (16... Rf6 17. Qc2) 17. Rc1 (
17. O-O $1 Ba6) 17... Ba6 18. Bc2 Nc6 19. Bb3 Qd7 20. Bc3 (20. Ba3 $5 Na5 (
20... f4 $6 21. d5 Ne5 $2 22. dxe6 $1) 21. Ba2 Bb7 $15) 20... Ne7 $1 21. Kf2
Nd5 22. Bd2 (22. Qd2 $1 Qd6 (22... f4 23. exf4 Nxf4 24. Rhe1 $11)) 22... Qd6
23. Qc2 {/\Qc6} Bb7 $1 $15 24. Qc4 Rf6 25. g3 $6 {[#]} (25. Ra1 {/\a5}) 25...
h5 $17 26. Rhd1 $2 (26. Ra1 Rg6 27. Z0 h4) (26. h4 $5) 26... h4 $1 27. Rg1 Raf8
28. a5 Rh6 29. axb6 (29. a6 Ba8 30. e4) (29. Qb5 Rff6) 29... cxb6 30. Ra1 $6 (
30. Qb5 $5) 30... Kh7 31. Ra7 Qb8 32. Raa1 Nf6 33. Bd1 {[#]} Bd5 $1 {This move
was played in the game.} (33... Qd6 $2 {according to the bulletin, but not the
played move.} 34. Qc2 $2 (34. Bb4 $1 hxg3+ 35. hxg3 Ng4+ (35... Rh2+ 36. Ke1)
36. Ke1) 34... hxg3+ 35. hxg3 Rh3 36. Rc1 Rf7 37. Be2 (37. Rg2 Ng4+ 38. fxg4 (
38. Kg1 Rxg3) 38... Be4 $1) 37... Ne4+ 38. fxe4 fxe4+ 39. Ke1 Qxg3+ {0-1}) 34.
Qc2 hxg3+ 35. hxg3 Rh3 (35... Rh2+ $142 36. Ke1 (36. Rg2 Nh5 37. Rxh2 Qxg3+ 38.
Ke2 (38. Kf1 Qxh2) 38... Bxf3+ 39. Kd3 Be4+) 36... Qb7 37. Rf1 Nh5 $19) 36. Rc1
{/\Qc7} Rf7 37. Be2 $2 {[#]} (37. Qc8 $142 Qd6 38. Rb1 {/\Bb4}) 37... Ne4+ 38.
fxe4 (38. Ke1 Nxg3 39. Bd1 Nh5 {/\Qh2}) 38... fxe4+ 39. Ke1 (39. Bf3 Rxf3+ 40.
Ke1 Rfxg3 41. Rf1 Rg2 $19) 39... Qxg3+ (39... Qxg3+ 40. Rxg3 Rh1+ 41. Bf1
Rhxf1+ 42. Ke2 R7f2#) 0-1

[Event "Montreal International"]
[Site "Montreal"]
[Date "1979.05.01"]
[Round "15"]
[White "Timman, Jan H"]
[Black "Huebner, Robert"]
[Result "1/2-1/2"]
[WhiteElo "2625"]
[BlackElo "2595"]
[Annotator "ChessBase"]
[PlyCount "118"]
[EventDate "1979.04.11"]
[EventType "tourn"]
[EventRounds "18"]
[EventCountry "CAN"]
[EventCategory "15"]
[SourceTitle "MCL"]
[Source "ChessBase"]
[SourceDate "1999.07.01"]
[SourceVersion "1"]
[SourceVersionDate "1999.07.01"]
[SourceQuality "1"]

1. c4 Nf6 2. d4 e6 3. Nc3 Bb4 4. e3 b6 5. Nge2 Ba6 6. a3 Be7 (6... Bxc3+ 7.
Nxc3 d5 8. b4 O-O 9. b5 Bb7 10. cxd5 Nxd5 {Portisch,L-Huebner,R/Bugojno/1978/
0-1/}) 7. Nf4 d5 8. cxd5 Bxf1 9. Kxf1 Nxd5 (9... exd5 10. g4 $1) 10. Ncxd5 exd5
11. Qh5 c6 12. Ne6 g6 13. Qe5 Bf6 14. Nxd8+ (14. Nc7+ $2 Kd7 15. Qf4 g5 $19)
14... Bxe5 15. Nxf7 $13 {+/- Botvinnik} (15. Nxc6 Nxc6 16. dxe5 Nxe5 17. Bd2
Ke7 18. Ke2 Rhe8 19. Bc3 Ke6 $10 {Unzicker,W-Kortschnoj,V/Pretoria/1979/})
15... Kxf7 16. dxe5 Nd7 17. f4 Nc5 18. b4 (18. Ke2 Ne4 19. Bd2 h5 $15 {/\Ke6,
g5, Rag8 Keene.} 20. Rhc1 c5 21. Be1 Ke6 {/\g5 Huebner}) 18... Ne4 19. Bb2 Ke6
20. Ke2 h5 21. Rhc1 c5 $44 22. Rab1 $1 {/\Ba1, bc5, Rb7.} g5 (22... c4 23. b5 {
/\Bd4}) 23. Rf1 (23. fxg5 $2 Rhg8 24. h4 Raf8 $19) (23. Ba1 Rag8 24. g3 h4 $17
{Huebner}) 23... Raf8 24. fxg5 (24. Ba1 Rhg8 25. g3 h4 26. gxh4 gxf4 27. exf4
Rg2+ $17) 24... Rfg8 $1 (24... Nxg5 25. Rf6+ $1) (24... Rhg8 25. Rf4) 25. h4 $6
(25. Rf4 $1 Rxg5 26. g3 h4 27. g4 h3 $14 {Huebner}) 25... Ng3+ 26. Kd3 Nxf1 27.
Rxf1 Rf8 28. Rf6+ Rxf6 29. exf6 Kf5 $2 $10 (29... Kf7 $1 $19 30. bxc5 bxc5 31.
e4 Rb8 32. Bc1 c4+ 33. Kd4 dxe4 34. Kxe4 Rd8 35. g4 hxg4 36. Kf5 Rd5+ 37. Kxg4
c3 $19 {Huebner}) 30. bxc5 bxc5 31. a4 Rc8 (31... Rb8 $2 32. Ba3 Rb3+ 33. Kc2
Rxa3 34. f7 $18) 32. Ba3 Kg6 33. e4 $1 (33. Kc3 $2 c4 {/\Rb8}) 33... c4+ 34.
Kd4 dxe4 35. Kxe4 c3 36. Kd3 c2 37. Bc1 Rc6 38. g3 Rc7 39. Kd4 Rd7+ 40. Kc3
Rc7+ 41. Kd4 Kf7 42. Kd3 a5 (42... a6 $10) 43. Kd4 Rc8 44. Kd3 Rc5 45. Kd4 Rf5
$1 {The only winning attempt.} 46. Kd3 Rf3+ 47. Kxc2 Rxg3 48. Bd2 Rg2 (48...
Rg4 49. Bxa5 Rxh4 50. Kb3 Rg4 51. Bc7 Rxg5 52. a5 Rc5 53. Bb6 Rc6 54. Kb4 h4
55. Kb5 Rc8 56. a6 h3 57. Bg1 $10 {Huebner}) 49. Kc3 Ke6 50. Kd3 Rg4 51. Bxa5
Rxh4 (51... Rxa4 52. Be1 $10) 52. g6 $1 $8 Rh3+ (52... Kxf6 $2 53. Bd8+) 53.
Kc4 Kxf6 54. Bd8+ Kxg6 55. a5 Kf7 56. a6 Ke6 (56... Ke8 $2 57. Ba5 $18) 57. a7
Ra3 58. Bb6 Kd7 59. Kb4 Rxa7 (59... Ra1 60. Ba5 $18) (59... Ra6 60. Kb5 $10)
1/2-1/2

[Event "EU-chT 07th Final"]
[Site "Skara"]
[Date "1980.01.22"]
[Round "3.3"]
[White "Petrosian, Tigran V"]
[Black "Schneider, Lars Ake"]
[Result "1/2-1/2"]
[WhiteElo "2615"]
[BlackElo "2450"]
[Annotator "ChessBase"]
[PlyCount "52"]
[EventDate "1980.01.20"]
[EventType "team-tourn"]
[EventRounds "7"]
[EventCountry "SWE"]
[SourceTitle "EU-chT"]
[Source "ChessBase"]
[SourceDate "1999.07.01"]
[SourceVersion "2"]
[SourceVersionDate "1999.07.01"]
[SourceQuality "1"]
[WhiteTeam "Soviet Union"]
[BlackTeam "Sweden"]
[WhiteTeamCountry "URS"]
[BlackTeamCountry "SWE"]

1. d4 Nf6 2. c4 e6 3. Nc3 Bb4 4. e3 b6 5. Nge2 Ba6 6. Ng3 O-O (6... h5 $5 7. h4
Bb7 8. Qd3 d5 9. cxd5 exd5 10. Qc2 c5 11. a3 cxd4 12. axb4 dxc3 13. bxc3 Nbd7
14. Nf5 O-O 15. Bb2 Ne5 $13 {Knaak-Bronstein/Tallin/1979/}) 7. e4 Nc6 8. Bd3 e5
9. d5 Bxc3+ (9... Na5 $2 10. Qe2 Bxc3+ 11. bxc3 c6 $5 12. Nf5 Ne8 $2 (12... d6
13. Bg5 Bc8 14. g4 Bxf5 15. gxf5 cxd5 16. cxd5 Rc8 17. c4 Kh8 $13) 13. f4 Qc7
14. fxe5 Qxe5 15. O-O f6 16. Bf4 $16 {Spassky-Huebner/Munich/1979/}) (9... Ne7
$1) 10. bxc3 Ne7 11. O-O d6 12. Bg5 Nd7 13. Qg4 f6 14. Be3 Nc5 15. Bxc5 bxc5
16. Rfb1 Qc8 17. Qd1 Qd7 18. Qb3 Ng6 19. Nf5 Nf4 20. Bf1 g6 21. Ne3 f5 22. Qc2
Nh5 23. exf5 gxf5 24. Be2 Nf4 25. Bf1 Nh5 26. Be2 Nf4 1/2-1/2

[Event "Luzern"]
[Site "Luzern"]
[Date "1989.??.??"]
[Round "?"]
[White "Landenbergue, Claude"]
[Black "Huss, Andreas"]
[Result "1-0"]
[WhiteElo "2345"]
[BlackElo "2355"]
[Annotator "Ftacnik,L"]
[PlyCount "60"]
[EventDate "1989.10.??"]
[EventType "tourn"]
[EventRounds "11"]
[EventCountry "SUI"]
[EventCategory "8"]
[SourceTitle "CBM 016"]
[Source "ChessBase"]
[SourceDate "1990.06.01"]
[SourceVersion "1"]
[SourceVersionDate "1990.06.01"]
[SourceQuality "1"]

1. c4 e6 2. d4 Nf6 3. Nc3 Bb4 4. e3 b6 5. Nge2 Ba6 6. Ng3 Bxc3+ 7. bxc3 d5 8.
Qf3 O-O 9. cxd5 exd5 10. Bxa6 Nxa6 11. Qe2 Qc8 12. O-O c5 13. f3 Nc7 14. e4 Ne6
(14... Qa6 15. Qxa6 Nxa6 16. e5 Nd7 17. Nf5 Rfe8 18. f4 Nc7 19. Rb1 Red8 20.
Ba3 $14 {Levitt,J-Arkell,K/BCF-ch/1989/ - /41/ -> CBM 15}) 15. e5 Ne8 16. Qd3
N8c7 17. f4 cxd4 18. f5 (18. cxd4 Qa6) 18... Nc5 19. Qxd4 Nb5 20. Qg4 Kh8 21.
Nh5 Rg8 22. Rf3 Ne4 23. Qh4 g5 (23... Nbxc3 24. e6 fxe6 25. Nf4 $18) 24. Qg4
Nbxc3 25. Rh3 Qc4 26. Nf6 Rg7 27. Be3 Ne2+ 28. Kh1 Nf4 29. Rf3 Qc3 30. Rd1 Rc8
{Ftacnik} 1-0

[Event "Baden-Baden"]
[Site "Baden-Baden"]
[Date "1992.12.07"]
[Round "3"]
[White "Knaak, Rainer"]
[Black "Wahls, Matthias"]
[Result "1-0"]
[WhiteElo "2525"]
[BlackElo "2540"]
[Annotator "Ftacnik,L"]
[PlyCount "111"]
[EventDate "1992.12.??"]
[EventType "tourn"]
[EventRounds "11"]
[EventCountry "GER"]
[EventCategory "14"]
[SourceTitle "CBM 033"]
[Source "ChessBase"]
[SourceDate "1993.04.01"]
[SourceVersion "1"]
[SourceVersionDate "1993.04.01"]
[SourceQuality "1"]

1. d4 Nf6 2. c4 e6 3. Nc3 Bb4 4. e3 b6 5. Nge2 Ba6 6. Ng3 Bxc3+ 7. bxc3 d5 8.
Qf3 O-O 9. cxd5 Qxd5 10. e4 Qa5 11. Bxa6 (11. Be2 $5) 11... Qxa6 12. Bg5 $1 (
12. Qe2 Qxe2+ 13. Kxe2 Nc6 $10) 12... Nbd7 13. Qe2 $1 Qxe2+ $6 (13... Qa3 14.
Rc1 c5 15. O-O $13) 14. Kxe2 c5 15. a4 $1 Rfc8 16. Rhc1 (16. Rhb1 $1) 16... Kf8
17. f3 Ne8 18. Bf4 cxd4 19. cxd4 Ke7 20. Nf1 Kd8 $6 (20... Rxc1 21. Rxc1 Kd8
$14) 21. Rcb1 $1 $16 Rc4 22. Kd3 Rac8 23. a5 Rc2 24. Bd2 Nd6 25. axb6 axb6 26.
Ne3 R2c7 27. Rb4 Ke8 28. e5 $1 Nb7 29. Nc4 Rd8 (29... b5 30. Na3 $16) 30. Ke3
Rc6 31. Rab1 Na5 32. Nd6+ Kf8 (32... Rxd6 33. exd6 Nf6 34. Kd3 Nd5 35. Rxb6
Nxb6 36. Bxa5 $18) 33. Ra4 Ra8 34. Bxa5 bxa5 (34... Rxa5 35. Rxa5 bxa5 36. Rb7
Ke7 37. Ra7 $16) 35. Nc4 Rac8 36. Kd3 Rd8 37. Rxa5 $1 Nc5+ 38. Kc3 Na6 39. Kd3
Nc5+ 40. Kc3 Na6 41. Rb6 Rdc8 42. Rxc6 Rxc6 43. Rb5 f6 $5 44. Kd3 Kf7 45. f4
Nc7 46. Rb7 Kg6 47. Na5 Rc1 (47... Ra6 48. Rxc7 Rxa5 49. Re7 Ra6 50. Kc4 $18)
48. Nb3 Rc6 49. Nc5 Kf5 50. g3 h5 51. h3 Kg6 (51... h4 52. g4+ Kxf4 53. Rxc7
Rxc7 54. Nxe6+ Kg3 55. Nxc7 Kxh3 56. e6 $18) 52. Ke4 f5+ 53. Kf3 Na6 54. Nxe6
$1 Rxe6 55. d5 Nc5 56. Rb5 1-0

[Event "Altensteig"]
[Site "Altensteig"]
[Date "1992.??.??"]
[Round "1"]
[White "Sadler, Matthew D"]
[Black "Brunner, Lucas"]
[Result "0-1"]
[WhiteElo "2515"]
[BlackElo "2490"]
[Annotator "Ftacnik,L"]
[PlyCount "94"]
[EventDate "1992.07.??"]
[EventType "tourn"]
[EventRounds "11"]
[EventCountry "GER"]
[EventCategory "11"]
[SourceTitle "CBM 031"]
[Source "ChessBase"]
[SourceDate "1992.12.01"]
[SourceVersion "1"]
[SourceVersionDate "1992.12.01"]
[SourceQuality "1"]

1. d4 Nf6 2. c4 e6 3. Nc3 Bb4 4. e3 b6 5. Nge2 Ba6 6. Ng3 Bxc3+ 7. bxc3 d5 8.
Qf3 O-O 9. cxd5 Qxd5 10. e4 Qa5 (10... Qb7 11. Be2 Bxe2 12. Qxe2 c5 13. O-O Qa6
14. Qxa6 Nxa6 15. Ba3 Rfc8 16. Rac1 Rc7 $10 {Lombard,A-Larsen,B/Biel izt/1976/}
) 11. Be2 (11. e5 Bb7 12. Qd3 Ne4 13. Nxe4 Bxe4 14. Qxe4 Qxc3+ 15. Kd1 Rd8 16.
Bd3 Qxa1 17. Ke2 Qxa2+ 18. Bd2 Nc6 $1 19. Qxc6 Qb2 20. Qe4 g6 $13 {Littlewood,
J-Christiansen,L/Hastings/1981-82/}) (11. Bxa6 Qxa6 12. Ne2 Nbd7 13. O-O c5 14.
Ng3 cxd4 15. cxd4 Qc4 16. Rd1 Rac8 17. Bf4 $14 {Kuuskmaa-Koskinen/corr/1984/})
11... Bxe2 12. Nxe2 Nbd7 (12... c5 13. O-O cxd4 14. cxd4 Nbd7 15. a4 Rfc8 16.
Qd3 Qb4 17. f3 Qc4 18. Qxc4 Rxc4 19. Bf4 Rac8 20. Rfb1 Rc2 $132 {Brunner,
L-Huss,A/SWZ-chI/1992/}) 13. O-O c5 14. Ng3 cxd4 15. cxd4 Rac8 16. e5 (16. Bf4
$5) 16... Nd5 17. Qg4 Kh8 18. Nh5 Rg8 19. Qf3 (19. Bg5 Rc4 20. Rfc1 $140 Nxe5
$1) 19... f5 20. exf6 N7xf6 21. Nxf6 Nxf6 (21... gxf6 22. Qe4 {x e6}) 22. Bf4
$6 (22. Qe2 Qd5 23. Re1 Rge8 24. Bb2 $10) 22... Qf5 $1 23. Rfe1 (23. Qg3 $4 Nh5
$19) 23... Nd5 24. Bg3 Qxf3 25. gxf3 Rge8 26. Re5 (26. Rac1 $1 Rxc1 27. Rxc1
Kg8 $15) 26... Kg8 27. Rae1 Kf7 28. Rh5 Nf6 29. Rb5 Rc4 30. Be5 Nd5 $17 31. Rb2
Rec8 32. Ree2 (32. f4 $5 $17) 32... Rc1+ 33. Kg2 g5 $1 34. Bg3 h5 35. Rbd2 b5
36. h4 $2 gxh4 37. Bh2 (37. Bxh4 Nf4+ $19) 37... Rg8+ 38. Kh3 Rc3 39. Kxh4 Rxf3
40. Be5 $8 (40. Re5 Rg4+ 41. Kxh5 Nf6+) 40... Ne7 41. Bg3 (41. Re3 Ng6+ 42.
Kxh5 Rf5+ 43. Kg4 Nxe5+ 44. Kh4 Rg4+ 45. Kh3 Rh5#) 41... Ng6+ 42. Kxh5 (42. Kh3
h4 43. Kg2 hxg3 44. Kxf3 Nh4+ 45. Ke3 g2 $19) 42... Nf4+ 43. Kh4 (43. Bxf4 Rh3#
) 43... Nxe2 44. Rxe2 b4 45. Rd2 Rd8 46. Be5 a5 47. Kg4 Rc3 {Ftacnik,L} 0-1